| Tag |
First Indicator |
Second Indicator |
Subfields |
| LEADER |
00000cam a2200000 4500 |
| 001 |
in00000623608 |
| 005 |
20151014172032.0 |
| 008 |
750902s1935 nyuf 00110 eng |
| 010 |
|
|
|a 35015012
|
| 035 |
|
|
|a (OCoLC)01592420
|
| 035 |
|
|
|9 ACS7603AM
|
| 040 |
|
|
|a DLC
|c DZM
|d TXA
|d UtOrBLW
|
| 049 |
|
|
|a TXAM
|c [467013]
|
| 050 |
0 |
0 |
|a DA630
|b .M65 1935
|
| 100 |
1 |
|
|a Morton, H. V.
|q (Henry Vollam),
|d 1892-1979.
|
| 245 |
1 |
0 |
|a In search of England /
|c by H. V. Morton.
|
| 250 |
|
|
|a Rev. ed.
|b With illustrations and a map...
|
| 264 |
|
1 |
|a New York :
|b Dodd, Mead,
|c [1935]
|
| 264 |
|
4 |
|c [©1935]
|
| 300 |
|
|
|a xvi, 317 pages :
|b frontispiece, plates. ;
|c 22 cm.
|
| 336 |
|
|
|a text
|b txt
|2 rdacontent
|
| 337 |
|
|
|a unmediated
|b n
|2 rdamedia
|
| 338 |
|
|
|a volume
|b nc
|2 rdacarrier
|
| 500 |
|
|
|a Maps on lining-papers.
|
| 500 |
|
|
|a TAMU copy imperfect: front., plates wanting.
|
| 651 |
|
0 |
|a England
|x Description and travel.
|
| 651 |
|
0 |
|a England
|x Social life and customs.
|
| 999 |
|
|
|a MARS
|
| 999 |
f |
f |
|s 97a08796-22a6-35d2-8b20-d4adac3f0a48
|i 0b62c8e1-40ea-3441-a814-04f787694b0e
|t 0
|
| 952 |
f |
f |
|p ric
|a Texas A&M University
|b Rellis Campus
|c Joint Library Facility
|d Remote Storage
|t 0
|e DA630 .M65 1935
|h Library of Congress classification
|i unmediated -- volume
|m A14801939013
|
| 998 |
f |
f |
|a DA630 .M65 1935
|t 0
|l Remote Storage
|